000
00327nam a22001457a 4500
999
_c
528433
_d
528433
003
NUST
038
_a
MS
082
_a
0
100
_a
Asphalt Institute
_9
13181
245
_a
For Ashphalt Concrete and other Hot Mixture..\
250
_a
6th
260
_a
USA
_b
Asphalt Institute
300
_a
141,P;
_c
25cm
942
_2
ddc
_c
BK